Nigeria 2.0
Saved in:
| Main Author: | |
|---|---|
| Format: | Book |
| Language: | English |
| Published: |
Carapace Publishers
2010
|
| Tags: |
Add Tag
No Tags, Be the first to tag this record!
|
MARC
| LEADER | 00000nam a22000007a 4500 | ||
|---|---|---|---|
| 008 | 210120b ||||| |||| 00| 0 eng d | ||
| 020 | |a : 978-978-53404-0-2 | ||
| 100 | |a ADEDAYO, ’Dayo | ||
| 245 | |a Nigeria 2.0 |c ’Dayo Adedayo | ||
| 260 | |b Carapace Publishers |c 2010 |h Abuja |i 688944 – Ref. Rm |l DT557 .N685Ad3 | ||
| 942 | |a lcc |c BK |e Mr ogunleye | ||
| 952 | |0 0 |1 0 |2 lcc |4 0 |6 DT0557 N685 A D3 |7 0 |9 1320 |a HOL |b HOL |d 2021-01-20 |l 0 |o DT557 .N685Ad3 |p 2021-0133 |r 2021-01-20 00:00:00 |w 2021-01-20 |y BK | ||
| 999 | |c 683 |d 683 | ||